00615nam a22001337a 450000500170000000800410001705000310005810000270008924501430011626000340025930000190029350000400031265001290035220250818092551.0250818b |||||||| |||| 00| 0 eng d aTHE HF 5616 .N35 2006bC.1 aWaweru, Peter Ndirangu aA Study of the Kenyan Private Businesses Sector: Effects of Successful Implementation of Enterprise Resource Planning (ERP) on Performance aKisiibKisii Universityc2006 avii, 53p.:ill. aIncludes bibliographical references a1. Enterprise resource planning—Kenya. 2. Organizational effectiveness—Kenya. 3. Management information systems—Kenya.